<?xml version="1.0" encoding="UTF-8"?><?xml-stylesheet type="text/xsl" href="static/style.xsl"?><OAI-PMH xmlns="http://www.openarchives.org/OAI/2.0/" xmlns:xsi="http://www.w3.org/2001/XMLSchema-instance" xsi:schemaLocation="http://www.openarchives.org/OAI/2.0/ http://www.openarchives.org/OAI/2.0/OAI-PMH.xsd"><responseDate>2026-06-07T05:34:07Z</responseDate><request verb="GetRecord" identifier="oai:riuma.uma.es:10630/7862" metadataPrefix="marc">https://riuma.uma.es/rest/oai/request</request><GetRecord><record><header><identifier>oai:riuma.uma.es:10630/7862</identifier><datestamp>2026-02-03T12:12:13Z</datestamp><setSpec>com_10630_2254</setSpec><setSpec>col_10630_37959</setSpec></header><metadata><record xmlns="http://www.loc.gov/MARC21/slim" xmlns:dcterms="http://purl.org/dc/terms/" xmlns:doc="http://www.lyncode.com/xoai" xmlns:xsi="http://www.w3.org/2001/XMLSchema-instance" xsi:schemaLocation="http://www.loc.gov/MARC21/slim http://www.loc.gov/standards/marcxml/schema/MARC21slim.xsd">
   <leader>00925njm 22002777a 4500</leader>
   <datafield ind2=" " ind1=" " tag="042">
      <subfield code="a">dc</subfield>
   </datafield>
   <datafield ind2=" " ind1=" " tag="720">
      <subfield code="a">Rufián Plaza, José Sebastián</subfield>
      <subfield code="e">author</subfield>
   </datafield>
   <datafield ind2=" " ind1=" " tag="720">
      <subfield code="a">Macho, Alberto P.</subfield>
      <subfield code="e">author</subfield>
   </datafield>
   <datafield ind2=" " ind1=" " tag="720">
      <subfield code="a">Corry, David S</subfield>
      <subfield code="e">author</subfield>
   </datafield>
   <datafield ind2=" " ind1=" " tag="720">
      <subfield code="a">Mansfield, John W</subfield>
      <subfield code="e">author</subfield>
   </datafield>
   <datafield ind2=" " ind1=" " tag="720">
      <subfield code="a">Arnold, Dawn L</subfield>
      <subfield code="e">author</subfield>
   </datafield>
   <datafield ind2=" " ind1=" " tag="720">
      <subfield code="a">Beuzón-López, Carmen del Rosario</subfield>
      <subfield code="e">author</subfield>
   </datafield>
   <datafield ind2=" " ind1=" " tag="260">
      <subfield code="c">2014-07-17</subfield>
   </datafield>
   <datafield ind2=" " ind1=" " tag="520">
      <subfield code="a">Bacterial populations have been traditionally assumed to be clonal, and as such, genetically and phenotipically identical. However, research carried out in the last few decades has proven this view naïve. Formation of distinct bacterial subpopulations has been seen to take place under stressing conditions, such as those encountered by pathogenic bacteria within the host, and is often associated to epigenetic changes that give rise to phenotypic heterogeneity without altering the genotype (Casadesús and Low, 2013).  A somewhat different example of reversible genomic changes that can affect virulence can be found in Pseudomonas syringae pv. phaseolicola, the causing agent of halo blight in bean. Inoculation of this bacterium into resistant plants triggers the excision of PPHGI-1, a genomic island encoding the effector that causes the resistance, AvrPphB, from the chromosome (Pitman et al, 2005). In recent years, extensive research has focused on the interaction between individual bacterial strains and the plant host (Dodds &amp; Rathjen, 2010), although little is known about how heterogeneous (or mixed isogenic) bacterial populations of a given pathogen interact and develop with the host plant.  In this work, we aimed to analyse how mixed isogenic populations, varying in their virulence, develop within the plant host. Using confocal microscopy, we investigate the cellular basis that determine whether co-existing P. syringae bacteria with different virulence capabilities interfere with the growth of each other. Moreover, we analyse the consequences of such interferences on the development of disease and the activation of a defence response.</subfield>
   </datafield>
   <datafield ind1="8" ind2=" " tag="024">
      <subfield code="a">http://hdl.handle.net/10630/7862</subfield>
   </datafield>
   <datafield tag="653" ind2=" " ind1=" ">
      <subfield code="a">Pseudomonas syringae</subfield>
   </datafield>
   <datafield ind2="0" ind1="0" tag="245">
      <subfield code="a">Dynamics of heterogeneous populations of Pseudomonas syringae within plant tissues reveal a diversity of interactions with potential evolutionary</subfield>
   </datafield>
</record>
</metadata></record></GetRecord></OAI-PMH>